000 00341nam a2200145Ia 4500
100 _aKernighan/B.W& ritchie D.M
942 _cBK
654 _aC programming
245 _aThe C programming language
260 _bPrentice Hall of India
_aNew Delhi
_c1990
082 _a01.6424C2
_bKER/
300 _a272
546 _aENGLISH
999 _c23416
_d23416